I am Anne Frank / (Record no. 355118)
[ view plain ]
| 000 -LEADER | |
|---|---|
| fixed length control field | 02378cam a2200445 i 4500 |
| 001 - CONTROL NUMBER | |
| control field | on1192360369 |
| 003 - CONTROL NUMBER IDENTIFIER | |
| control field | OCoLC |
| 005 - DATE AND TIME OF LATEST TRANSACTION | |
| control field | 20201103145145.0 |
| 008 - FIXED-LENGTH DATA ELEMENTS--GENERAL INFORMATION | |
| fixed length control field | 200820t20202020nyua j b 000 0beng d |
| 020 ## - INTERNATIONAL STANDARD BOOK NUMBER | |
| International Standard Book Number | 9780525555940 |
| Qualifying information | (hardcover) |
| 020 ## - INTERNATIONAL STANDARD BOOK NUMBER | |
| International Standard Book Number | 0525555943 |
| Qualifying information | (hardcover) |
| 035 ## - SYSTEM CONTROL NUMBER | |
| System control number | (OCoLC)1192360369 |
| Canceled/invalid control number | (OCoLC)1134669038 |
| 035 ## - SYSTEM CONTROL NUMBER | |
| System control number | 1661093 |
| 040 ## - CATALOGING SOURCE | |
| Original cataloging agency | TOH |
| Language of cataloging | eng |
| Description conventions | rda |
| Transcribing agency | TOH |
| Modifying agency | S#L |
| -- | TZI |
| -- | HBP |
| -- | OQX |
| -- | YDX |
| -- | BDX |
| -- | LE@ |
| -- | UAP |
| -- | DAD |
| 043 ## - GEOGRAPHIC AREA CODE | |
| Geographic area code | e-gw--- |
| 092 ## - LOCALLY ASSIGNED DEWEY CALL NUMBER (OCLC) | |
| Classification number | E Biography Fra |
| 100 1# - MAIN ENTRY--PERSONAL NAME | |
| Personal name | Meltzer, Brad, |
| Relator term | author. |
| 9 (RLIN) | 44754 |
| 245 10 - TITLE STATEMENT | |
| Title | I am Anne Frank / |
| Statement of responsibility, etc | Brad Meltzer, illustrated by Christopher Eliopoulos. |
| 264 #1 - Production, Publication, Distribution, Manufacture, and Copyright Notice. | |
| Place of production, publication, distribution, manufacture | New York : |
| Name of producer, publisher, distributor, manufacturer | Dial Books for Young Readers, |
| Date of production, publication, distribution, manufacture, or copyr | [2020] |
| 264 #4 - Production, Publication, Distribution, Manufacture, and Copyright Notice. | |
| Date of production, publication, distribution, manufacture, or copyr | ©2020. |
| 300 ## - PHYSICAL DESCRIPTION | |
| Extent | 1 volume (unpaged) : |
| Other physical details | illustrations (chiefly color) ; |
| Dimensions | 20 cm. |
| 336 ## - Content Type | |
| Content type term | text |
| 336 ## - Content Type | |
| Content type term | still image |
| 337 ## - Media type | |
| Media type term | unmediated |
| 338 ## - Carrier type | |
| Carrier type term | volume |
| 490 1# - SERIES STATEMENT | |
| Series statement | Ordinary people change the world. |
| 504 ## - BIBLIOGRAPHY, ETC. NOTE | |
| Bibliography, etc | Includes bibiographic references. |
| 520 ## - SUMMARY, ETC. | |
| Summary, etc | Tells the story of Anne Frank, the young Jewish girl who documented her life while hiding from the Nazis during World War II. -- adapted from Amazon.com. |
| 520 ## - SUMMARY, ETC. | |
| Summary, etc | This engaging biography series focuses on the traits that made our heroes great--the traits that kids can aspire to in order to live heroically themselves. Each book tells the story of an icon in a lively, conversational way that works well for the youngest nonfiction readers. At the back are an excellent timeline and photos. This volume features Anne Frank, whose courage and hope during a time of terror are still an inspiration for people around the world today. |
| 600 10 - SUBJECT ADDED ENTRY--PERSONAL NAME | |
| Personal name | Frank, Anne, |
| Dates associated with a name | 1929-1945 |
| Form subdivision | Juvenile literature. |
| 9 (RLIN) | 5742781 |
| 650 #0 - SUBJECT ADDED ENTRY--TOPICAL TERM | |
| Topical term or geographic name as entry element | Jews |
| Geographic subdivision | Netherlands |
| -- | Amsterdam |
| Form subdivision | Biography |
| -- | Juvenile literature. |
| 9 (RLIN) | 5742782 |
| 650 #0 - SUBJECT ADDED ENTRY--TOPICAL TERM | |
| Topical term or geographic name as entry element | Holocaust, Jewish (1939-1945) |
| Geographic subdivision | Netherlands |
| -- | Amsterdam |
| Form subdivision | Biography |
| -- | Juvenile literature. |
| 9 (RLIN) | 6383065 |
| 650 #0 - SUBJECT ADDED ENTRY--TOPICAL TERM | |
| Topical term or geographic name as entry element | Hidden children (Holocaust) |
| Geographic subdivision | Netherlands |
| -- | Amsterdam |
| Form subdivision | Biography |
| -- | Juvenile literature. |
| 9 (RLIN) | 6383066 |
| 651 #0 - SUBJECT ADDED ENTRY--GEOGRAPHIC NAME | |
| Geographic name | Amsterdam (Netherlands) |
| Form subdivision | Biography |
| -- | Juvenile literature. |
| 9 (RLIN) | 6383067 |
| 655 #7 - INDEX TERM--GENRE/FORM | |
| Genre/form data or focus term | Biographies. |
| Source of term | lcgft. |
| 9 (RLIN) | 5691024 |
| 700 1# - ADDED ENTRY--PERSONAL NAME | |
| Personal name | Eliopoulos, Chris, |
| Relator term | illustrator. |
| 9 (RLIN) | 66985 |
| 830 #0 - SERIES ADDED ENTRY--UNIFORM TITLE | |
| Uniform title | Ordinary people change the world. |
| 9 (RLIN) | 5742262 |
| 907 ## - LOCAL DATA ELEMENT G, LDG (RLIN) | |
| a | .b42991894x |
| 942 ## - ADDED ENTRY ELEMENTS (KOHA) | |
| Source of classification or shelving scheme | Dewey Decimal Classification |
| Koha item type | BOOK |
| Withdrawn status | Lost status | Source of classification or shelving scheme | Damaged status | Not for loan | Collection code | Home library | Current library | Shelving location | Date acquired | Source of acquisition | Total Checkouts | Total Renewals | Full call number | Barcode | Checked out | Date last seen | Date checked out | Cost, replacement price | Price effective from | Koha item type |
|---|---|---|---|---|---|---|---|---|---|---|---|---|---|---|---|---|---|---|---|---|
| Dewey Decimal Classification | Children NonFiction | Wasatch County Library | Wasatch County Library | Main Floor Childrens Area | 11/03/2020 | Micromarketing | 20 | 16 | E Biography Fra | 34301001702200 | 04/25/2026 | 02/24/2026 | 02/24/2026 | 15.99 | 11/03/2020 | BOOK |
